01019nab a22002057a 4500003000400000005001700004008004100021040000700062100001800069245010800087260007300195300001300268500004500281505017000326505008900496650002700585650003300612650002400645773014400669OSt20251211122212.0190604e xxu||||| |||| 00| 0 spa d cPJ aOcampo, Pilar13aEl silencio positivo en la Ley de Procedimientos Administrativos y su reglamentación /cPilar Ocampo. aCiudad Autónoma de Buenos Aires :bThomson Reuters La Ley, c2025. ap. 19-26 aCita Online: TR LALEY AR/DOC/1476/2025.  aSumario: I. Introducción.— II. Ámbito de aplicación.— III. Configuración del silencio positivo.— IV. Efectos del silencio positivo.— V. Conclusiones. t¿Te interesa el texto completo? Solicitalo al correo: koha@justierradelfuego.gov.ar 0aDERECHO ADMINISTRATIVO 0aPROCEDIMIENTO ADMINISTRATIVO 0aACTO ADMINISTRATIVO0 02714dCiudad Autónoma de Buenos Aires : Thomson Reuters La Ley, 2014-tRevista anales de legislación argentina. Nº 11- Noviembre 2025.